000 01682aam a2200313 i 4500
999 _c33298
_d33298
001 768714001
003 CO-MdFUSB
005 20200625155646.0
007 ta
008 170303t2003 us a|||| |||| 00| 0 eng d
020 _a0687052637
040 _aCO-MdFUSB
_bspa
_cCO-MdFUSB
_dCO-MdFUSBC
_erda
041 0 _aeng
082 0 4 _a225
_bM596
100 1 _aMetzger, Bruce Manning
_eautor
245 0 4 _aThe New Testament its background, growth, and content
_c/ Bruce Manning Metzger
264 1 _aNashville, TENN., USA:
_bAbindog,
_c[2003]
264 4 _c© 2003
300 _a288 Paginas
_c; 24 cm
336 _2rdacontent
_atexto
_btxt
337 _2rdamedia
_asin mediación
_bn
338 _2rdacarrier
_avolumen
_bnc
505 _aEl trasfondo del período del Nuevo Testamento - El trasfondo político y social del judaísmo palestino - El trasfondo cultural y religioso del judaísmo palestino - El trasfondo filosófico y religioso del paganismo grecorromano - Aspectos de la vida y la enseñanza de Jesucristo - Fuentes de nuestro conocimiento de la vida y la enseñanza de Jesucristo - Un resumen de la vida de Jesucristo - Aspectos de la enseñanza de Jesucristo - La era apostólica - Las fuentes y la cronología de la era apostólica - El cristianismo judío primitivo - La expansión del cristianismo a través de la obra del apóstol Pablo - Cartas de Pablo a Iglesias e Individuos - Las Cartas Generales y el Libro de Apocalipsis - La Formación del Canon del Nuevo Testamento - App. La transmisión y traducción de la Biblia.
563 _aRústico
630 0 7 _aBiblia.
_pNuevo Testamento
942 _cBK
945 _aJTF-925